00374nam a2200145Ia 4500008004100000020001500041041001200056082001600068100001400084245006300098250000800161260003700169300000800206650001400214221030s9999 xx 000 0 und d a8178083000 aEnglish a105.23bHay aS. Haykin 0aNeural Networks - A Comprehensive Foundationcby S. Haykin a2nd bPearson EducationaDelhic2005 a823 aComputers